000 00729nam a22002297a 4500
999 _c168
_d168
003 AR-CdUCM
008 190222b ||||| |||| 00| 0 spa d
040 _aMUNICIPALIDAD PROVINCIAL DEL CUSCO
_cBIBLIOTECA MUNICIPAL DEL CUSCO
082 _a869.0792 /
_bP31
100 _aPavletich, Esteban
_9785
245 _aLa Picaresca y la Ascética en la Conquista de América /
260 _aLima :
_bKotosh,
_c1990.
300 _a45 paginas ;
_b6 Fotografías.
_c20 cm.
500 _zNovela
650 _aLiteratura hispanoamericana
_9786
650 _aÉpoca colonial
_9787
650 _aHistoria
_9136
650 _aVida y Costumbres
_9788
700 _aPavletich, Jose
_9789
942 _2ddc
_cLIBROS
945 _aacv
_d2019-02-22